Nueva arquitectura del paisaje (Record no. 133419)

MARC details
000 -LEADER
fixed length control field nam a22 7a 4500
005 - DATE AND TIME OF LATEST TRANSACTION
control field 20190116091755.0
008 - FIXED-LENGTH DATA ELEMENTS--GENERAL INFORMATION
fixed length control field 181203b mx ||||| |||| 00| 0 spa d
020 ## - INTERNATIONAL STANDARD BOOK NUMBER
International Standard Book Number 9688874027
050 04 - LIBRARY OF CONGRESS CALL NUMBER
Classification number SB472.45
Item number H65 2003
100 1# - MAIN ENTRY--PERSONAL NAME
Personal name Holden, Robert.
240 10 - UNIFORM TITLE
Uniform title New Landscape Design.
Language of a work Español.
245 10 - TITLE STATEMENT
Title Nueva arquitectura del paisaje
Statement of responsibility, etc / Robert Holden ; traducción Luis Ramón Laca Menéndez de Luarco.
250 ## - EDITION STATEMENT
Edition statement 1a ed.
260 ## - PUBLICATION, DISTRIBUTION, ETC. (IMPRINT)
Place of publication, distribution, etc México :
Name of publisher, distributor, etc Ediciones G. Gili,
Date of publication, distribution, etc 2003.
300 ## - PHYSICAL DESCRIPTION
Extent 191 p. :
Other physical details il. :
Dimensions 30 cm.
506 ## - RESTRICTIONS ON ACCESS NOTE
Terms governing access PIFI 3.2
650 #4 - SUBJECT ADDED ENTRY--TOPICAL TERM
Topical term or geographic name as entry element Diseño de paisajes
650 #7 - SUBJECT ADDED ENTRY--TOPICAL TERM
Source of heading or term lemb
Topical term or geographic name as entry element Arquitectura del paisaje
700 1# - ADDED ENTRY--PERSONAL NAME
Personal name Laca Menéndez de Luarco, Luis Ramón,
Relator term traductor
942 ## - ADDED ENTRY ELEMENTS (KOHA)
Source of classification or shelving scheme Biblioteca del Cogreso de los Estados Unidos
Koha item type Libro
Holdings
Estado de pérdida Fuente de clasificación Estado del daño No para préstamo Ubicación permanente Ubicación actual Apartado o colección Fecha de adquisición Edición Dependencia de educación superior (DES) Área del conocimiento Clasificación Código de Barras Date last seen Número de copia Tipo de recurso
  Biblioteca del Cogreso de los Estados Unidos     Biblioteca de la Facultad de Arquitectura Biblioteca de la Facultad de Arquitectura General 03/12/2018 1a ed. Ingeniería y Arquitectura Ciencias Agropecuarias SB472.45 H65 2003 BFA000003453 03/12/2018 1 Libro
  Biblioteca del Cogreso de los Estados Unidos     Biblioteca de la Facultad de Arquitectura Biblioteca de la Facultad de Arquitectura General 03/12/2018 1a ed. Ingeniería y Arquitectura Ciencias Agropecuarias SB472.45 H65 2003 BFA000003454 03/12/2018 2 Libro
  Biblioteca del Cogreso de los Estados Unidos     Biblioteca de la Facultad de Arquitectura Biblioteca de la Facultad de Arquitectura General 03/12/2018 1a ed. Ingeniería y Arquitectura Ciencias Agropecuarias SB472.45 H65 2003 BFA000003455 03/12/2018 3 Libro
  Biblioteca del Cogreso de los Estados Unidos     Biblioteca de la Facultad de Arquitectura Biblioteca de la Facultad de Arquitectura General 03/12/2018 1a ed. Ingeniería y Arquitectura Ciencias Agropecuarias SB472.45 H65 2003 BFA000003456 03/12/2018 4 Libro
  Biblioteca del Cogreso de los Estados Unidos     Biblioteca de la Facultad de Arquitectura Biblioteca de la Facultad de Arquitectura General 03/12/2018 1a ed. Ingeniería y Arquitectura Ciencias Agropecuarias SB472.45 H65 2003 BFA000003457 03/12/2018 5 Libro
  Biblioteca del Cogreso de los Estados Unidos     Biblioteca de la Facultad de Arquitectura Biblioteca de la Facultad de Arquitectura General 03/12/2018 1a ed. Ingeniería y Arquitectura Ciencias Agropecuarias SB472.45 H65 2003 BFA000003458 03/12/2018 6 Libro